Представление документа в формате RUSMARC

ПолеНазваниеЗначение
  Тип записи a
  Библиографический уровень m
001 Контрольный номер LIBNET\0000548573
005 Дата корректировки 20201206205043.8
010 Индекс ISBN __
a ISBN 978-5-222-24069-4 (в обл.)
d Цена 495-51
100 Данные общей обработки __
a Данные общей обработки 19170425d2015####||| 0rusy0189 ca
101 Язык документа 0_
a Язык текста rus
102 Страна публикации __
a Страна публикации RU|
102 Страна публикации __
a Страна публикации RU
105 Кодированные данные (монография) __
a Кодированные данные (монография) ||||||||000zy
200 Заглавие и сведения об ответственности 1_
a Заглавие Психология сновидений
e Сведения, относящиеся к заглавию теория и практика осознанных снов и выходов из тела
f Первые сведения об ответственности Е. А. Ронжин
b Общее обозначение материала Текст
210 Выходные данные __
a Место издания Ростов-на-Дону
c Издательство Феникс
d Дата издания 2015
215 Физическое описание __
a Объем 204, [2] с.
d Формат 20 см
225 Серия __
a Серия Психология
300 Общие примечания __
a Общие примечания 2500 экз.
320 Библиография __
a Библиография Библиогр. в подстроч. примеч.
330 Аннотация __
a Аннотация Эта книга представляет собой попытку осторожной "огранки" малоизученных феноменов осознанных сновидений и выходов из тела, произведенной на основе данных из различных областей человеческого знания: психологии, психофизиологии, антропологии, философии, феноменологии и мистицизма. Авторская позиция заключается в том, что какое-либо адекватное обсуждение теоретических и практических вопросов по теме осознанных сновидений и выходов из тела невозможно без опоры на психологию и физиологию обычных сновидений. Осознанные сновидения позволяют на качественно ином уровне познавать сновидческую реальность.
517 Другие варианты заглавия __
a Другие варианты заглавия Теория и практика осознанных снов и выходов из тела
606 Тематические рубрики __
a Основная рубрика Психология
606 Тематические рубрики __
a Основная рубрика Особые состояния и явления психики
610 Ключевые слова __
a Ключевые слова осознанные сны
a Ключевые слова регуляция сна
a Ключевые слова сновидения
a Ключевые слова сон
a Ключевые слова управление снами
a Ключевые слова управление сновидениями
686 Индексы других классификаций __
2 Код системы rubbks
a Классификационный индекс 88.282
700 Автор _1
a Фамилия Ронжин
b Имя Е. А.
g Полное личное имя Евгений Андреевич
4 Код отношения 070
801 Источник записи _0
a Страна RU
b Организация Рязанская ОУНБ
c Дата составления 20170425
g Правила каталогизации КиК/Котельникова
801 Источник записи _2
a Страна RU
b Организация Муниципальное бюджетное учреждение культуры "Централизованная библиотечная система" г. Сургут (Центральная городская библиотека им. А. С. Пушкина)
c Дата составления 20170425
852 Данные о местонахождении __
j Шифр хранения 88.282
i Авторский знак Р 71
901 Тип документа __
t Тип документа m
903 Характеристики (МАРС) __
a Дата передачи 20170425
990 Данные о заказе (DOS) __
j Количество экземпляров (DOS) 1
t N записи в КСУ для И/У (DOS) 201704